[Event "IEWCC"]
[Site "Istanbul TUR"]
[Date "2003.06.03"]
[Round "2"]
[White "Arakhamia,K"]
[Black "Janjgava,N"]
[Result "1-0"]
[WhiteElo "2413"]
[BlackElo "2286"]

1.e4 c5 2.Nf3 e6 3.d4 cxd4 4.Nxd4 Nc6 5.Nc3 Qc7 6.Be3 a6 7.Qd2 Nf6 8.f3 Bb4
9.g4 h6 10.O-O-O Ne7 11.Nde2 d5 12.a3 Bd6 13.h4 b5 14.Bg2 Bb7 15.g5 hxg5
16.hxg5 Rxh1 17.Rxh1 Nd7 18.exd5 Nxd5 19.Nxd5 Bxd5 20.Nc3 Bb7 21.f4 b4 22.axb4 Bxb4
23.Rh8+ Nf8 24.Bxb7 Qxb7 25.Qd4 Rd8 26.Qe4 Qxe4 27.Nxe4 Rc8 28.c3 Be7 29.Bd4 Kd7
30.Bxg7 Ng6 31.Rxc8 Kxc8 32.Be5 Kd7 33.Kc2 Kc6 34.c4 Bd8 35.Kd3 a5 36.b3 Be7
37.Ke3 Ba3 38.Bc3 Kb6 39.Bd2 Ne7 40.Ng3 Bc5+ 41.Ke4 Ng6 42.f5 exf5+ 43.Nxf5 Nf8
44.Nh6  1-0

[Event "IEWCC"]
[Site "Istanbul TUR"]
[Date "2003.06.03"]
[Round "2"]
[White "Makropoulou,M"]
[Black "Mkrtchian,L"]
[Result "0-1"]
[WhiteElo "2234"]
[BlackElo "2416"]

1.e4 c5 2.Nf3 e6 3.d4 cxd4 4.Nxd4 Nc6 5.Nc3 d6 6.Be3 Nf6 7.Be2 Be7 8.O-O O-O
9.f4 a6 10.Qe1 Nxd4 11.Bxd4 b5 12.Rd1 b4 13.Na4 Rb8 14.e5 Ne8 15.Kh1 Qc7
16.Qf2 Bd7 17.Nb6 Bb5 18.Rfe1 g6 19.b3 dxe5 20.fxe5 Ng7 21.Nc4 Bxc4 22.Bxc4 Nf5
23.Bb2 Rfd8 24.Rd3 Rxd3 25.Bxd3 Bc5 26.Qf4 Rd8 27.Bxf5 exf5 28.Qc4 Bb6 29.Qxa6 Bf2
30.Rc1 Qxc2 31.h3  0-1

[Event "4th IECC"]
[Site "Istanbul TUR"]
[Date "2003.06.03"]
[Round "5"]
[White "Dolmatov,S"]
[Black "Kurajica,B"]
[Result "1/2-1/2"]
[WhiteElo "2606"]
[BlackElo "2551"]

1.e4 c5 2.Nf3 Nc6 3.d4 cxd4 4.Nxd4 e6 5.Nc3 Qc7 6.Be2 a6 7.O-O Nf6 8.Be3 Bb4
9.Na4 Be7 10.Nxc6 bxc6 11.Nb6 Rb8 12.Nxc8 Qxc8 13.Bd4 O-O 14.e5 Nd5 15.c4 Nf4
16.Bf3 Qc7 17.c5 f6 18.exf6 Bxf6 19.Bxf6 Rxf6 20.Qd2 a5 21.Rac1 Rb4 22.g3 Nd5
23.Bg2 Qe5 24.Rc2 Rf8 25.a3 Rb3 26.Re1 Qf6 27.Re2 Ra8 28.Be4 g6 29.Bd3 Rb7
30.Bc4 Kg7 31.Kg2 a4  1/2-1/2

[Event "4th IECC"]
[Site "Istanbul TUR"]
[Date "2003.06.06"]
[Round "7"]
[White "Tiviakov,S"]
[Black "Romanishin,O"]
[Result "1/2-1/2"]
[WhiteElo "2623"]
[BlackElo "2558"]

1.e4 c5 2.Nc3 e6 3.Nf3 Nc6 4.d4 cxd4 5.Nxd4 a6 6.g3 Nge7 7.Nb3 d6 8.Bg2 Bd7
9.O-O Nc8 10.Na4 Be7 11.Be3 O-O 12.Qe2 Qc7 13.f4 Nb6 14.Qf2 Rab8 15.Nd4 Nxd4
16.Bxd4  1/2-1/2

[Event "4th IECC"]
[Site "Istanbul TUR"]
[Date "2003.06.06"]
[Round "7"]
[White "Movsesian,S"]
[Black "Neverov,V"]
[Result "1-0"]
[WhiteElo "2659"]
[BlackElo "2583"]

1.e4 c5 2.Nf3 e6 3.d4 cxd4 4.Nxd4 Nc6 5.Nc3 Qc7 6.f4 a6 7.Nb3 b5 8.Bd3 d6
9.O-O Nf6 10.Kh1 Be7 11.Qf3 Bb7 12.Bd2 O-O 13.Qh3 b4 14.Nd1 a5 15.Nf2 e5
16.Rae1 Rad8 17.f5 a4 18.Nc1 d5 19.exd5 Rxd5 20.Ne2 Rfd8 21.Bg5 Nd4 22.Nxd4  1-0

[Event "4th IECC"]
[Site "Istanbul TUR"]
[Date "2003.06.06"]
[Round "7"]
[White "Movsesian,S"]
[Black "Neverov,V"]
[Result "1-0"]
[WhiteElo "2659"]
[BlackElo "2583"]

1.e4 c5 2.Nf3 e6 3.d4 cxd4 4.Nxd4 Nc6 5.Nc3 Qc7 6.f4 a6 7.Nb3 b5 8.Bd3 d6
9.O-O Nf6 10.Kh1 Be7 11.Qf3 Bb7 12.Bd2 O-O 13.Qh3 b4 14.Nd1 a5 15.Nf2 e5
16.Rae1 Rad8 17.f5 a4 18.Nc1 d5 19.exd5 Rxd5 20.Ne2 Rfd8 21.Bg5 Nd4 22.Nxd4 Rxd4
23.Re3 e4 24.Bxf6 Bxf6 25.Bxe4 Qc4 26.Bd3 Qxa2 27.Ng4 R4d6 28.Qg3 Bc6 29.Rfe1 h5
30.Nxf6+ Rxf6 31.Qg5 Qxb2 32.Bc4 Rf8 33.Rg3 Rd6 34.c3 Qxc3 35.Rxc3 bxc3 36.Qg3 Rf6
37.Qxc3 Rxf5 38.h3 Rf6 39.Re5 Rg6 40.Bd3 Bxg2+ 41.Kh2 Rc6 42.Qa3 Bf3 43.Bh7+ Kxh7
44.Qxf8 Rf6 45.Rg5 g6 46.Rb5 Bc6 47.Rb8  1-0

[Event "4th IECC"]
[Site "Istanbul TUR"]
[Date "2003.06.06"]
[Round "7"]
[White "Kulaots,K"]
[Black "Andersson,U"]
[Result "1/2-1/2"]
[WhiteElo "2514"]
[BlackElo "2594"]

1.e4 c5 2.Nf3 e6 3.d4 cxd4 4.Nxd4 Nc6 5.Nc3 Qc7 6.Be2 Nf6 7.O-O Be7 8.Be3 O-O
9.f4 d6 10.Kh1 Nxd4 11.Qxd4 a6 12.a4 Bd7 13.a5 Bc6 14.Bf3 Rad8 15.Qd2 Qb8  1/2-1/2

[Event "4th IECC"]
[Site "Istanbul TUR"]
[Date "2003.06.06"]
[Round "7"]
[White "Yagupov,I"]
[Black "Gershon,A"]
[Result "1/2-1/2"]
[WhiteElo "2454"]
[BlackElo "2543"]

1.e4 c5 2.Nf3 e6 3.d4 cxd4 4.Nxd4 Nc6 5.Nc3 Qc7 6.Be3 a6 7.Qd2 Nf6 8.O-O-O Bb4
9.f3 Ne5 10.Nb3 b5 11.Bd4 Be7 12.Qg5 Ng6 13.Qg3 d6 14.h4 O-O 15.h5 Ne5 16.Kb1 b4
17.Na4 Rb8 18.Qf2 Bd7 19.Bxe5 dxe5 20.Nac5 Qb6 21.Nd3 Qxf2 22.Nxf2 Rfc8 23.Na5 Rb6
24.Nc4 Rb5 25.Nd6 Ra5 26.Bc4 Rd8 27.Nc8 Rxc8 28.Bb3 h6 29.g4 Rf8 30.Nd3 Ne8
31.Nc1 Nd6 32.Ne2 Rc5  1/2-1/2

[Event "IHEM"]
[Site "Hamburg GER"]
[Date "2003.06.07"]
[Round "1"]
[White "Mandelbaum,P"]
[Black "Sprenger,J"]
[Result "0-1"]
[WhiteElo "2191"]
[BlackElo "2431"]

1.e4 c5 2.Nf3 e6 3.d4 cxd4 4.Nxd4 Nc6 5.Nc3 Qc7 6.Be2 a6 7.O-O Nf6 8.Be3 Bb4
9.Na4 O-O 10.Nxc6 bxc6 11.Nb6 Rb8 12.Nxc8 Rfxc8 13.Bxa6 Rf8 14.Bd3 Bd6 15.g3 Be5
16.Bc5 d6 17.Ba3 Bxb2 18.Bxb2 Rxb2 19.Qd2 Rfb8 20.a4 R2b4 21.Rfe1 Qa5 22.Qc3 c5
23.Kg2 Qa8 24.a5 c4 25.Be2 Nxe4 26.Qf3 d5 27.Kg1 Qa7 28.Qe3 Qxe3 29.fxe3 Nc5
30.a6 Ra8 31.a7 Kf8 32.Ra5 Nb7 33.Ra2 Nd6 34.Rea1 Ke7 35.Ra6 Rb7 36.Bf3 f5
37.g4 g6 38.gxf5 gxf5 39.Kf2 Rd7 40.Rg1 Kf6 41.Rga1 Ke5 42.R1a5 Nc8 43.Be2 Rc7
44.e4 fxe4 45.Bg4 Re7 46.Be2 Raxa7 47.Bxc4 Rxa6 48.Bxa6 Rf7+ 49.Ke2 Ra7 50.Rc5 Rxa6
51.Rxc8 Ra3  0-1

[Event "IHEM"]
[Site "Hamburg GER"]
[Date "2003.06.07"]
[Round "1"]
[White "Baramidze,D"]
[Black "Kroencke,M"]
[Result "1/2-1/2"]
[WhiteElo "2440"]
[BlackElo "2195"]

1.e4 c5 2.Nf3 e6 3.d4 cxd4 4.Nxd4 Nc6 5.Nc3 Qc7 6.Be2 a6 7.Be3 Nf6 8.a3 Ne5
9.f4 Nc4 10.Bxc4 Qxc4 11.Qd3 Qxd3 12.cxd3 d5 13.e5 Ng4 14.Bg1 Be7 15.h3 Nh6
16.Be3 Bd7 17.g4 Rc8 18.g5 Ng8 19.f5 Bc5 20.f6 gxf6 21.gxf6 Bxd4 22.Bxd4 Nh6
23.Kd2 Nf5 24.Bf2 d4 25.Ne2 Rc5 26.Rac1 Rxe5 27.Rc7 Rb5 28.b4 Kd8 29.Rhc1 e5
30.R7c5 Rg8 31.Rxb5 Bxb5 32.Rc5 Re8 33.Ng3 Nd6 34.Ne2 Nf5 35.Ng3 Nd6 36.Ne2 Nf5
37.Ng3 Nd6  1/2-1/2

[Event "4th IECC"]
[Site "Istanbul TUR"]
[Date "2003.06.07"]
[Round "8"]
[White "Kurnosov,I"]
[Black "Ivanisevic,I"]
[Result "1-0"]
[WhiteElo "2500"]
[BlackElo "2569"]

1.e4 c5 2.Nf3 Nc6 3.Nc3 e6 4.d4 cxd4 5.Nxd4 Qc7 6.Ndb5 Qb8 7.Be3 a6 8.Bb6 axb5
9.Nxb5 Bb4+ 10.c3 Ba5 11.Nc7+ Qxc7 12.Bxc7 Bxc7 13.Qg4 g6 14.Bd3 h5 15.Qe2 Nf6
16.O-O g5 17.a4 Ne5 18.b4 b6 19.Bb5 Bb7 20.f3 Rg8 21.Qe3 h4 22.a5 bxa5 23.bxa5 h3
24.a6 hxg2 25.Kxg2 Bc6 26.Bxc6 Nxc6 27.Rfd1 Rh8 28.h3 Nh5 29.Qxg5 Ne5 30.Kf1 f6
31.Qg1 Nxf3 32.Qg6+ Ke7 33.Rxd7+ Kxd7 34.Qf7+ Kd6 35.Rd1+ Ke5 36.Qxc7+ Kxe4
37.Qc4+ Ke5 38.Kf2 Ng5 39.Re1+ Kf5 40.Qd3+ Kf4 41.h4 Rad8 42.Qe3+ Kg4 43.hxg5 Nf4
44.Qf3+ Kxg5 45.Rg1+ Kf5 46.Qg4+ Ke4 47.Re1+  1-0

[Event "4th IECC"]
[Site "Istanbul TUR"]
[Date "2003.06.07"]
[Round "8"]
[White "Smirin,I"]
[Black "Svetushkin,D"]
[Result "1/2-1/2"]
[WhiteElo "2662"]
[BlackElo "2543"]

1.e4 c5 2.Nf3 e6 3.d4 cxd4 4.Nxd4 Nc6 5.Nc3 a6 6.Be3 Qc7 7.Bd3 Nf6 8.O-O Nxd4
9.Bxd4 Bc5 10.Bxc5 Qxc5 11.Kh1 d6 12.Qd2 e5 13.f3 O-O 14.Na4 Qc6 15.Qa5 Be6
16.Nb6 Rad8 17.c4 Qc5 18.Qxc5 dxc5 19.Nd5 Ne8 20.Rac1 Nd6 21.Rc3 Rd7 22.Rfc1 Rb8
23.Nb6 Rc7 24.a3 Rc6 25.Nd5 Kf8 26.b4 Bxd5 27.cxd5 cxb4 28.dxc6 bxc3 29.Rxc3 b5
30.c7 Rc8 31.Rc6 Ke7 32.Kg1 Kd7 33.Rxa6 Rxc7 34.Kf2 Rc3 35.Be2 Rb3 36.a4 bxa4  1/2-1/2

[Event "4th IECC"]
[Site "Istanbul TUR"]
[Date "2003.06.07"]
[Round "8"]
[White "Smirin,I"]
[Black "Svetushkin,D"]
[Result "1/2-1/2"]
[WhiteElo "2662"]
[BlackElo "2543"]

1.e4 c5 2.Nf3 e6 3.d4 cxd4 4.Nxd4 Nc6 5.Nc3 a6 6.Be3 Qc7 7.Bd3 Nf6 8.O-O Nxd4
9.Bxd4 Bc5 10.Bxc5 Qxc5 11.Kh1 d6 12.Qd2 e5 13.f3 O-O 14.Na4 Qc6 15.Qa5 Be6
16.Nb6 Rad8 17.c4 Qc5 18.Qxc5 dxc5 19.Nd5 Ne8 20.f4 Nd6 21.Nc3 Rd7 22.Rae1 Rb8  1/2-1/2

[Event "4th IECC"]
[Site "Istanbul TUR"]
[Date "2003.06.07"]
[Round "8"]
[White "Gershon,A"]
[Black "Pogorelov,R"]
[Result "0-1"]
[WhiteElo "2543"]
[BlackElo "2489"]

1.e4 c5 2.Nf3 e6 3.d4 cxd4 4.Nxd4 Nc6 5.Nc3 d6 6.g3 Nf6 7.Bg2 Bd7 8.O-O Be7
9.Be3 O-O 10.Nxc6 Bxc6 11.a4 a6 12.a5 Rc8 13.Re1 Qc7 14.Bb6 Qd7 15.Qd2 Bd8
16.Bd4 e5 17.Be3 Ng4 18.Bh3 f5 19.Bxg4 fxg4 20.Red1 Bc7 21.Nd5 Qf7 22.Qe2 h5
23.c4 Bd8 24.b4 Qg6 25.Bb6 Rf7 26.Bxd8 Rxd8 27.b5 Bxd5 28.Rxd5 Rdf8 29.Ra2 Rxf2
30.Qxf2 Rxf2 31.Rxf2 Qxe4 32.bxa6 bxa6 33.Rxd6 Qxc4 34.Rd8+ Kh7 35.Rd1 Qc5
36.Re1 g5 37.Kg2 Kg6 38.Ref1 Qc6+ 39.Kg1 h4 40.gxh4 gxh4 41.Rf8 Qc5+ 42.R1f2 Qd5
43.R8f6+ Kg7 44.R6f5 Qe4 45.Rf7+ Kg6 46.Rf8 Qe1+ 47.Kg2 Qe4+ 48.Kg1 h3 49.Rg8+ Kh7
50.Rgf8 Qe1+ 51.Rf1 Qe3+ 52.R1f2 Kg7 53.Rf7+ Kg6 54.Rf8 Qc1+ 55.Rf1 Qc5+
56.R1f2 e4 57.Kf1 e3 58.R2f6+ Kg5 59.Ke2 Qxa5 60.Rd6 Qa2+ 61.Ke1 Qb1+ 62.Ke2 Qb2+
63.Kf1 e2+  0-1

[Event "IV Open"]
[Site "Lido Estensi ITA"]
[Date "2003.06.07"]
[Round "2"]
[White "Efimov,I"]
[Black "Zichichi,A"]
[Result "1-0"]
[WhiteElo "2477"]
[BlackElo "2280"]

1.e4 c5 2.Nf3 e6 3.d4 cxd4 4.Nxd4 Nc6 5.Nc3 a6 6.Be3 Qc7 7.Bd3 Nf6 8.O-O Ne5
9.h3 b5 10.Qe2 Rb8 11.a4 b4 12.Nb1 Nxd3 13.cxd3 Bb7 14.Nd2 Be7 15.Rac1 Qd8
16.Bf4 Rc8 17.Rxc8 Qxc8 18.Nc4 O-O 19.Rc1 Qd8 20.Nd6 Qb8 21.Nxb7 Qxf4 22.Qc2 Ne8
23.Ne2 Qb8 24.Qc8 Qxc8 25.Rxc8 Nd6 26.Nxd6 Bxd6 27.Rc4 Rb8 28.b3 Kf8 29.f4 f6
30.Kf2 Ke8 31.Ke3 Kd8 32.d4 Be7 33.Kd3 Rb6 34.d5 exd5 35.exd5 f5 36.Nd4 g6
37.Nc2 Bd6 38.Ne3 Rb8 39.g3 Ke7 40.Rc2 Kf6 41.Nc4 Be7 42.Ne5 Rb7 43.Rc8 Bd6
44.Nc4 Bb8 45.Rf8+ Kg7 46.Rd8 Ba7 47.Nd6  1-0

[Event "3rd Zurich Lake Plaza Open"]
[Site "Pfaeffikon SUI"]
[Date "2003.06.07"]
[Round "4"]
[White "Mitkov,N"]
[Black "Milov,L"]
[Result "1-0"]
[WhiteElo "2546"]
[BlackElo "2464"]

1.e4 c5 2.Nc3 e6 3.Nf3 Nc6 4.d4 cxd4 5.Nxd4 Qc7 6.Be3 a6 7.Bd3 b5 8.O-O Bb7
9.Nxc6 Qxc6 10.a3 Ne7 11.a4 b4 12.Na2 Ng6 13.Qd2 d5 14.f3 Qd6 15.exd5 Bxd5
16.c4 bxc3 17.Nxc3 Bb7 18.Rfd1 Be7 19.Bxg6 Qxd2 20.Bxf7+ Kxf7 21.Rxd2 Rhd8
22.Rad1 Rxd2 23.Rxd2 Bc6 24.Rd4 Rc8 25.Rf4+ Ke8 26.Rc4 Bd7 27.Rxc8+ Bxc8
28.Bf4 Kf7 29.Kf2 Bd7 30.b3 Bc6 31.Ke2 Bb4 32.Kd3 Bxc3 33.Kxc3 Bd5 34.b4 Bc6
35.b5  1-0

[Event "IEWCC"]
[Site "Istanbul TUR"]
[Date "2003.06.08"]
[Round "6"]
[White "Velcheva,M"]
[Black "Javakhishvili,L"]
[Result "1/2-1/2"]
[WhiteElo "2249"]
[BlackElo "2336"]

1.e4 c5 2.Nf3 Nc6 3.Nc3 e6 4.d4 cxd4 5.Nxd4 Qc7 6.Be3 a6 7.Qd2 Nf6 8.O-O-O Ne5
9.f4 Nc4 10.Bxc4 Qxc4 11.e5 Nd5 12.Nxd5 Qxd5 13.Kb1 b5 14.Rhf1 Bb7 15.Rf2 Rd8
16.f5 Be7 17.f6 gxf6 18.exf6 Bf8 19.g4 Qc4 20.Nxe6 Qxe6 21.Re1 Be4 22.Bb6 d5
23.Rxe4 Qxe4 24.Re2 Rd6 25.Rxe4+ dxe4 26.Bd4 Rg8 27.g5 h6 28.h4 hxg5 29.hxg5 Re6
30.a3 Bd6 31.Be3 Kd7 32.Qd5 Rc8 33.Qd4  1/2-1/2

[Event "IEWCC"]
[Site "Istanbul TUR"]
[Date "2003.06.08"]
[Round "6"]
[White "Dworakowska,J"]
[Black "Galojan,L"]
[Result "1-0"]
[WhiteElo "2387"]
[BlackElo "2242"]

1.e4 c5 2.Nf3 Nc6 3.d4 cxd4 4.Nxd4 e6 5.Nc3 Qc7 6.Be3 a6 7.Bd3 Nf6 8.O-O Ne5
9.h3 Bc5 10.f4 Nc6 11.Nf5 Bxe3+ 12.Nxe3 d6 13.Qe1 b5 14.a3 Bb7 15.Kh1 Rd8
16.Qh4 Ne7 17.Rae1 Ng6 18.Qf2 O-O 19.f5 Ne5 20.Qh4 d5 21.fxe6 Ng6 22.Qg5 Nxe4
23.exf7+ Rxf7 24.Rxf7 Kxf7 25.Nxe4 dxe4 26.Qf5+ Kg8 27.Bxe4 Qg3 28.Rf1 Bc8
29.Qf7+ Kh8 30.Nd5 Qd6 31.Bxg6 Be6 32.Qe7 Qxd5 33.Be4 Qd7 34.Qxd7 Rxd7 35.Rf8+ Bg8
36.Ra8 Rd6 37.Bb7 g6 38.Rxa6 Rd1+ 39.Kh2 Re1 40.Rb6 Re5 41.Ba6 Re2 42.Bxb5 Rxc2
43.Bc6 Kg7 44.a4 Rc5 45.b4 Rc2 46.a5 Bc4 47.a6 Ra2 48.b5 h5 49.Rb7+ Kf6 50.a7  1-0

[Event "4th IECC"]
[Site "Istanbul TUR"]
[Date "2003.06.08"]
[Round "9"]
[White "Bartel,Mat"]
[Black "Spasov,V"]
[Result "1-0"]
[WhiteElo "2443"]
[BlackElo "2555"]

1.e4 c5 2.Nf3 Nc6 3.Nc3 e6 4.d4 cxd4 5.Nxd4 Qc7 6.g3 a6 7.Bg2 Nf6 8.O-O d6
9.a4 Be7 10.Nb3 b6 11.f4 O-O 12.Be3 Bb7 13.Qe2 Rfe8 14.g4 Nd7 15.g5 Bf8 16.Rad1 Nc5
17.Qf2 g6 18.Rd2 Bg7 19.Rfd1 Rad8 20.Nd4 Nxd4 21.Bxd4 Bxd4 22.Rxd4 e5 23.R4d2 exf4
24.Qxf4 Re5 25.h4 Rde8 26.Rxd6 Nxe4 27.Rd7 Qc5+ 28.R1d4 Bd5 29.Nxd5 Qxd4+
30.Kh2 Qxd5 31.Rxd5 Rxd5 32.h5 Rf5 33.Qe3 Rxg5 34.h6 Rge5 35.Qxb6 R5e6 36.Qd4 Rd6  1-0

[Event "4th IECC"]
[Site "Istanbul TUR"]
[Date "2003.06.08"]
[Round "9"]
[White "Sulypa,A"]
[Black "Bischoff,K"]
[Result "1/2-1/2"]
[WhiteElo "2492"]
[BlackElo "2564"]

1.e4 c5 2.Nf3 e6 3.d4 cxd4 4.Nxd4 Nc6 5.Nc3 d6 6.Be3 a6 7.g4 Bd7 8.g5 b5
9.f4 Nge7 10.Nb3 Nc8 11.Qd2 Nb6 12.Qf2 Rb8 13.Bd3 Be7 14.O-O O-O 15.Qh4 f6
16.e5 f5 17.exd6 Bxd6 18.Rad1 Ne7 19.Bc5  1/2-1/2

[Event "IEWCC"]
[Site "Istanbul TUR"]
[Date "2003.06.10"]
[Round "7"]
[White "Sasu Ducsoara,An"]
[Black "Nill,J"]
[Result "1/2-1/2"]
[WhiteElo "2193"]
[BlackElo "2271"]

1.e4 c5 2.Nf3 e6 3.d4 cxd4 4.Nxd4 Nc6 5.Nc3 Qc7 6.Be2 a6 7.O-O Nf6 8.Kh1 Be7
9.f4 d6 10.a4 O-O 11.Bf3 Bd7 12.Nb3 Rab8 13.Qe2 e5 14.f5 Nb4 15.g4 Ne8 16.Be3 b6
17.Rg1 Kh8 18.Rg2 b5 19.axb5 axb5 20.g5 Bc6 21.Rag1 Bd8 22.Rg4 g6 23.f6 Bd7
24.Rh4 Be6 25.Nc1 Nxc2 26.Qxc2 b4 27.Rh6 bxc3 28.bxc3 Nxf6 29.gxf6 Bxf6 30.Bg4 Bc4
31.Rd1 Bg7 32.Rh3 Qc6 33.Bf3 Be6 34.Rg3 Rfc8 35.Bd2 d5 36.Be1 dxe4 37.Bxe4 Qc7
38.Rgd3 Bg4  1/2-1/2

[Event "4th IECC"]
[Site "Istanbul TUR"]
[Date "2003.06.10"]
[Round "10"]
[White "Shomoev,A"]
[Black "Mastrovasilis,D"]
[Result "0-1"]
[WhiteElo "2558"]
[BlackElo "2456"]

1.e4 c5 2.Nf3 e6 3.d4 cxd4 4.Nxd4 Nc6 5.Nc3 Qc7 6.Be2 a6 7.O-O Nf6 8.Be3 Bb4
9.Na4 Be7 10.Nxc6 bxc6 11.Nb6 Rb8 12.Nxc8 Qxc8 13.Bd4 O-O 14.e5 Nd5 15.c4 Nf4
16.Bf3 Qc7 17.Qc2 c5 18.Bc3 d6 19.exd6 Bxd6 20.Rad1 Ng6 21.g3 Be5 22.Rd2 Rfd8
23.Rfd1 Rxd2 24.Qxd2 Bxc3 25.Qxc3 h6 26.Be4 f5 27.Bg2 Rd8 28.Re1 Qb6 29.Qe3 Nf8
30.b3 Rd4 31.Bf3 Qd6 32.Qe5 Kf7 33.Qxd6 Rxd6 34.Kf1 Nd7 35.Ke2 Ne5 36.Bg2 g5
37.Rb1 a5 38.h3 Kf6 39.Bf1 Nc6 40.f4 gxf4 41.gxf4 Rd4 42.Bg2 Nb4 43.Rf1 a4
44.bxa4 Rxc4 45.Rd1 Nxa2 46.a5 Nc3+ 47.Kd3 Rd4+ 48.Kxc3 Rxd1 49.a6 Ra1 50.Bb7 e5
51.Kc4 Ra5 52.fxe5+ Kxe5 53.h4 f4 54.h5 Kf5 55.Kd5 f3  0-1

[Event "4th IECC"]
[Site "Istanbul TUR"]
[Date "2003.06.10"]
[Round "10"]
[White "Korneev,O"]
[Black "Potkin,V"]
[Result "1/2-1/2"]
[WhiteElo "2606"]
[BlackElo "2522"]

1.e4 c5 2.Nf3 e6 3.d4 cxd4 4.Nxd4 Nc6 5.Nc3 Qc7 6.Be3 Nf6 7.Bd3 a6 8.O-O b5
9.a3 Bb7 10.Nxc6 Qxc6 11.Re1 Be7 12.Qf3 d6 13.Bd4 O-O 14.Qh3 h6 15.Re3 e5
16.Rg3 Kh8 17.Be3 Bc8 18.Qh4 Ng8 19.Qh5 g6 20.Qf3 Kg7 21.Qe2 Bh4 22.Rf3 Bg5
23.Qd2 Bxe3 24.Rxe3 Nf6 25.Be2 Be6 26.Rd1 Rad8 27.Bf3 Bc4 28.h3 Qc5 29.Nd5 Bxd5
30.exd5 Rc8 31.Rc3 Qb6 32.Re1 Rxc3 33.Qxc3 Qb8 34.Qc6 Rc8 35.Qxa6 Rxc2 36.b4 Qc7
37.Qxb5 Qc3 38.Re3 Qa1+ 39.Kh2 Rxf2 40.Qc4 Rd2 41.Re2 Rxe2 42.Bxe2 Qxa3 43.b5 Qe3
44.Bg4 h5 45.Bf3 e4 46.Bd1 Qf4+ 47.Kh1 Qd2 48.Be2 Qxd5 49.Qc7 Qa2 50.b6 Nd5
51.Qxd6 Qb1+ 52.Kh2 Nxb6 53.Qe5+ Kg8 54.Qe8+ Kg7 55.Qe5+ Kh7 56.Qf6 Kg8 57.Qd8+ Kg7
58.Qd4+ Kh7 59.Qf6 Qb4 60.Qxf7+ Kh6  1/2-1/2

[Event "4th IECC"]
[Site "Istanbul TUR"]
[Date "2003.06.11"]
[Round "11"]
[White "Stefansson,H"]
[Black "Zvjaginsev,V"]
[Result "1-0"]
[WhiteElo "2565"]
[BlackElo "2664"]

1.e4 c5 2.Nf3 e6 3.d4 cxd4 4.Nxd4 Nc6 5.Nc3 d6 6.Be3 Nf6 7.Be2 Be7 8.f4 O-O
9.Qd2 e5 10.Nf3 b6 11.O-O-O Bb7 12.g4 exf4 13.Bxf4 Ne5 14.g5 Nfd7 15.h4 Rc8
16.Nd4 Nc5 17.Qe3 Qc7 18.Ncb5 Qd7 19.Bxe5 dxe5 20.Nf5 Qe6 21.Bg4 Bxe4 22.Nh6+ gxh6
23.Bxe6 fxe6 24.gxh6 Kh8 25.Rhf1 Bf5 26.Nd6 Bxd6 27.Rxd6 Ne4 28.Rxe6  1-0

[Event "4th IECC"]
[Site "Istanbul TUR"]
[Date "2003.06.11"]
[Round "11"]
[White "Mastrovasilis,D"]
[Black "Bischoff,K"]
[Result "1-0"]
[WhiteElo "2456"]
[BlackElo "2564"]

1.e4 c5 2.Nf3 e6 3.d4 cxd4 4.Nxd4 Nc6 5.Nc3 d6 6.Be3 a6 7.f4 Bd7 8.Qf3 Nxd4
9.Bxd4 Ne7 10.O-O-O Nc6 11.Bf2 b5 12.e5 d5 13.Kb1 Be7 14.Bd3 Rc8 15.g4 Qc7
16.Rhf1 Nb4 17.f5 Nxd3 18.cxd3 Qxe5 19.Rde1 Qf6 20.Bg3 O-O 21.Be5 Qh4 22.Bg3 Qf6
23.h4 Bb4 24.Be5 Qd8 25.f6 g5 26.hxg5 d4 27.Qh3  1-0

[Event "4th IECC"]
[Site "Istanbul TUR"]
[Date "2003.06.11"]
[Round "11"]
[White "Goloshchapov,A"]
[Black "Tregubov,P"]
[Result "1/2-1/2"]
[WhiteElo "2558"]
[BlackElo "2632"]

1.e4 c5 2.Nf3 Nc6 3.d4 cxd4 4.Nxd4 e6 5.Nc3 Qc7 6.Be3 a6 7.Qd2 Nf6 8.O-O-O Bb4
9.f3 Ne5 10.Nb3 b5 11.Kb1 Nc4 12.Bxc4 bxc4 13.Nc1 Rb8 14.N1e2 O-O 15.Ka1 d5
16.Bf4 e5 17.Bg5 d4 18.Bxf6 gxf6 19.Nd5 Bxd2 20.Nxc7 Ba5 21.Nd5 Bd8 22.c3 d3
23.Ng3 Be6 24.b3 Bxd5 25.exd5 Ba5 26.Kb2 Rfc8 27.Nf5 Kf8 28.b4 Bb6 29.Rhe1 a5
30.a3 axb4 31.axb4 Bd4 32.cxd4 c3+ 33.Kb3 c2 34.dxe5 fxe5 35.Ne3 cxd1=Q+
36.Rxd1 Rb5 37.Rxd3 Rcb8 38.Nc2 Ke7 39.f4 exf4 40.Rd4 Kd6 41.Rxf4 Rxd5 42.Rxf7 Rd3+
43.Kb2 Rd2 44.Kb3 Rd3+ 45.Kb2 Rg8 46.Rxh7 Rxg2 47.Rh5 Rdd2 48.Rc5 Rxh2 49.Kb3 Rh3+
50.Rc3 Rxc3+  1/2-1/2

[Event "IEWCC"]
[Site "Istanbul TUR"]
[Date "2003.06.12"]
[Round "9"]
[White "Hlgatian,G"]
[Black "Bosboom Lanchava,T"]
[Result "1-0"]
[WhiteElo "2216"]
[BlackElo "2329"]

1.e4 c5 2.Nf3 Nc6 3.Nc3 e6 4.d4 cxd4 5.Nxd4 Qc7 6.g3 a6 7.Bg2 Nf6 8.O-O h5
9.Re1 Nxd4 10.Qxd4 Bc5 11.Bf4 e5 12.Bxe5 Qa5 13.Qd2 Bxf2+ 14.Qxf2 Qxe5 15.h3 Rh6
16.Rad1 Rg6 17.Nd5 Rb8 18.Nf4 Rg5 19.Rd5 Nxd5 20.exd5 b6 21.h4 Rf5 22.Rxe5+ Rxe5
23.d6 Bb7 24.Qd4 f6 25.Qxb6 Rb5 26.Qe3+  1-0

[Event "4th IECC"]
[Site "Istanbul TUR"]
[Date "2003.06.12"]
[Round "12"]
[White "Fedorov,Alex"]
[Black "Goloshchapov,A"]
[Result "1-0"]
[WhiteElo "2604"]
[BlackElo "2558"]

1.e4 c5 2.Nf3 Nc6 3.d4 cxd4 4.Nxd4 e6 5.Nc3 Qc7 6.Be3 a6 7.Bd3 Nf6 8.O-O Bd6
9.Nxc6 bxc6 10.f4 e5 11.f5 Be7 12.Qf3 Bb7 13.Rae1 d5 14.Qg3 Nh5 15.Qh3 Nf6
16.Na4 c5 17.exd5 Nxd5 18.Be4 O-O 19.c4 Nxe3 20.Rxe3 Bg5 21.Re2 Rad8 22.Nc3 Rd4
23.f6 h6 24.fxg7 Kxg7 25.Qg3 f5 26.Bxb7 Qxb7 27.Qxe5+ Bf6 28.Qxc5 Qc8 29.Qxc8 Rxc8
30.b3 f4 31.Nd5 Bg5 32.Ref2 Rf8 33.g3  1-0

[Event "IV Open"]
[Site "Lido Estensi ITA"]
[Date "2003.06.12"]
[Round "6"]
[White "Miatello,A"]
[Black "Zichichi,A"]
[Result "0-1"]
[WhiteElo "2133"]
[BlackElo "2280"]

1.e4 c5 2.Nf3 e6 3.d4 cxd4 4.Nxd4 Nc6 5.Nc3 a6 6.Be2 Qc7 7.O-O b5 8.Nxc6 Qxc6
9.Bf3 Bb7 10.Bf4 Rc8 11.Re1 Ne7 12.e5 Qc7 13.Rc1 Nf5 14.Bxb7 Qxb7 15.Ne4 Be7
16.Nd6+ Bxd6 17.exd6 Rc4 18.Be5 f6 19.Bg3 O-O 20.c3 Rfc8 21.Qd2 R4c5 22.Rcd1 Rd5
23.Qe2 Rcc5 24.Bf4 Rxd1 25.Rxd1 Rd5 26.Qf3 Nh4  0-1

[Event "5th ZNG111 GM"]
[Site "Opatija CRO"]
[Date "2003.06.12"]
[Round "6"]
[White "Sakelsek,T"]
[Black "Ljubicic,F"]
[Result "1-0"]
[WhiteElo "2347"]
[BlackElo "2406"]

1.e4 c5 2.Nf3 e6 3.d4 cxd4 4.Nxd4 Nc6 5.Nc3 Qc7 6.Be3 Nf6 7.Qd2 Bb4 8.f3 d5
9.a3 Bxc3 10.Qxc3 a6 11.Nxc6 Qxc6 12.Qxc6+ bxc6 13.exd5 cxd5 14.Bc5 Bb7 15.O-O-O Nd7
16.Bb4 f6 17.Kb1 a5 18.Bc3 Ba6 19.f4 Nc5 20.f5 Ne4 21.Be1 Kf7 22.c4 Bb7 23.cxd5 Bxd5
24.Bb5 Rhd8 25.fxe6+ Kxe6 26.Ba4 Bc4 27.Rxd8 Rxd8 28.Bxa5 Bd3+ 29.Bc2 Bxc2+
30.Kxc2 Rc8+ 31.Bc3 f5 32.a4 g5 33.a5 f4 34.a6 g4 35.a7 f3 36.gxf3 gxf3 37.Ra1 f2
38.Kd3 Kd5 39.Bd4 Re8 40.Ke2 Ra8 41.Bxf2 Nxf2 42.Kxf2 Kc6 43.Kg3 Kb7 44.Kh4 h5
45.Ra5 Kb6 46.b4 Kb7 47.h3 Kb6 48.Kxh5 Kb7 49.h4 Rh8+ 50.Kg6 Ka8 51.h5 Rd8
52.Ra6 Rd4 53.h6 Rxb4 54.h7 Rg4+ 55.Kh5  1-0

[Event "4th IECC"]
[Site "Istanbul TUR"]
[Date "2003.06.13"]
[Round "13"]
[White "Inarkiev,E"]
[Black "Tregubov,P"]
[Result "1-0"]
[WhiteElo "2568"]
[BlackElo "2632"]

1.e4 c5 2.Nf3 Nc6 3.d4 cxd4 4.Nxd4 e6 5.Nc3 Qc7 6.Be3 a6 7.Be2 Nf6 8.a3 Be7
9.f4 d5 10.exd5 Nxd5 11.Nxd5 exd5 12.O-O O-O 13.c3 Re8 14.Qd3 Bd7 15.Bf3 Bf6
16.Rf2 Rad8 17.Rd1 Na5 18.Re2 h6 19.g3 Bc8 20.Bf2 Nc4 21.Rde1 Rxe2 22.Rxe2 g6
23.a4 Kg7 24.b3 Na5 25.b4 Nc4 26.a5 h5 27.h4 Bh3 28.Kh2 Qd7 29.Re1 Bg4 30.Bg2 Nd6
31.Nb3 Ne4 32.Bd4 Bf5 33.Nc5 Qc6 34.Nxe4 dxe4 35.Bxe4 Bxd4 36.Qxd4+ Rxd4
37.Bxc6 Rd2+ 38.Bg2 Rc2 39.Re3 Bd7 40.Kg1 Rc1+ 41.Kf2 Rc2+ 42.Kg1 Rc1+ 43.Kf2 Rc2+
44.Re2 Rxc3 45.Bxb7 Bb5 46.Rb2 Kf6 47.Bd5 Rd3 48.Bf3 Ra3 49.Bd1 Kf5 50.Bb3 Kg4
51.Bd1+ Kh3 52.Bb3 f6 53.Rb1 Bc6 54.Be6+ f5 55.Rb3 Ra2+ 56.Ke3 Ba4 57.Rc3 Rb2
58.Kd4 Rxb4+ 59.Ke5 Bb5 60.Kf6 Be8 61.Ra3 Rd4 62.Bc8 Bb5 63.Kxg6 Rd6+ 64.Kg5 Bd7
65.Bxd7 Rxd7 66.Kxh5  1-0

[Event "FSIM June"]
[Site "Budapest HUN"]
[Date "2003.06.14"]
[Round "8"]
[White "Hajnal,Z"]
[Black "Pg,MOAHirawan"]
[Result "1-0"]
[WhiteElo "2385"]
[BlackElo "2210"]

1.e4 c5 2.Nf3 e6 3.d4 cxd4 4.Nxd4 Nc6 5.Nc3 a6 6.Be3 Qc7 7.Qd2 Nf6 8.f3 Bb4
9.a3 Qa5 10.Nb3 Bxc3 11.bxc3 Qc7 12.Bc5 d5 13.O-O-O Na5 14.Qd4 Nxb3+ 15.cxb3 e5
16.Qb4 d4 17.cxd4 Nd7 18.Kb2 Nxc5 19.Qxc5 Qxc5 20.dxc5 Be6 21.Rd6 Rd8 22.Rb6 O-O
23.Kc2 Rd7 24.Be2 Rc8 25.b4 a5 26.Rd1 Rdc7 27.Kc3 Kf8 28.Bc4 axb4+ 29.axb4 Bxc4
30.Kxc4 Ke7 31.g3 Ra8 32.Kb3 g5 33.Rh6 Rc6 34.Rxc6 bxc6 35.Rd6 Ra1 36.Rxc6 Rf1
37.Kc4 Rxf3 38.Kd5 Rb3 39.Rb6 f6 40.Rb7+ Kd8 41.b5 Rb4 42.c6  1-0

[Event "IHEM"]
[Site "Hamburg GER"]
[Date "2003.06.14"]
[Round "8"]
[White "Moreno Carnero,J"]
[Black "Haba,P"]
[Result "1/2-1/2"]
[WhiteElo "2504"]
[BlackElo "2514"]

1.e4 c5 2.Nf3 e6 3.d4 cxd4 4.Nxd4 Nc6 5.Nc3 Qc7 6.Be2 a6 7.O-O Nf6 8.Kh1 Nxd4
9.Qxd4 Bc5 10.Qd3 b5 11.Bg5 Bb7 12.f4 Bb4 13.Bxf6 gxf6 14.a4 Bxc3 15.bxc3 bxa4
16.Rxa4 Rc8 17.Qg3 Qxc3 18.Qg7 Qxc2 19.Rc4 Rxc4 20.Qxh8+ Ke7 21.e5 Qxe2 22.Qxf6+ Ke8
23.Qh8+  1/2-1/2